US State Birds Quiz Stats

 Plays Quiz Updated Jun 20, 2019

Score 0/50 Timer 05:00
0 Plays Today
State Bird % Correct
IllinoisCardinal
87.6%
KentuckyKentucky Cardinal
87.4%
IndianaCardinal
87.4%
North CarolinaCardinal
87.4%
OhioCardinal
87.4%
VirginiaCardinal
87.4%
West VirginiaCardinal
87.4%
ConnecticutAmerican Robin
67.6%
MichiganAmerican Robin
67.6%
WisconsinAmerican Robin
67.6%
IdahoMountain Bluebird
53.4%
NevadaMountain Bluebird
53.4%
MissouriEastern Bluebird
53.1%
New YorkEastern Bluebird
53.1%
MarylandBaltimore Oriole
47.4%
Rhode IslandRhode Island Red Chicken
46.1%
New HampshirePurple Finch
45.2%
ArkansasMockingbird
43.3%
FloridaMockingbird
43.1%
MississippiMockingbird
43.1%
TennesseeMockingbird
43.1%
TexasMockingbird
43.1%
LouisianaEastern Brown Pelican
42.8%
HawaiiNēnē
39.4%
New MexicoRoadrunner
35.8%
State Bird % Correct
ArizonaCactus Wren
34.9%
South CarolinaCarolina Wren
33.3%
MaineBlack-capped Chickadee
32.5%
MassachusettsBlack-capped Chickadee
32.5%
CaliforniaCalifornia Quail
27.3%
IowaEastern Goldfinch
27.1%
New JerseyEastern Goldfinch
26.9%
WashingtonWillow Goldfinch
26.3%
DelawareBlue Hen of Delaware
26%
MinnesotaCommon Loon
25.1%
KansasWestern Meadowlark
24.3%
MontanaWestern Meadowlark
24.3%
NebraskaWestern Meadowlark
24.3%
North DakotaWestern Meadowlark
24.3%
OregonWestern Meadowlark
24.3%
WyomingWestern Meadowlark
24.3%
UtahCalifornia Gull
23.7%
ColoradoLark Bunting
23.1%
South DakotaRing-necked Pheasant
21.9%
PennsylvaniaRuffed Grouse
21.1%
AlabamaYellowhammer
21.1%
VermontHermit Thrush
18.9%
AlaskaWillow Ptarmigan
17%
GeorgiaBrown Thrasher
16.8%
OklahomaScissor-tailed Flycatcher
13.8%

You're not logged in!

Compare scores with friends on all Sporcle quizzes.
OR
Log In

Sporcle TV

Today on Sporcle TV


Watch our educational content, quiz creation guides, and fun videos on Sporcle TV.

Show Comments

Extras

Top Quizzes Today


Score Distribution

Your Account Isn't Verified!

In order to create a playlist on Sporcle, you need to verify the email address you used during registration. Go to your Sporcle Settings to finish the process.

Report this User

Report this user for behavior that violates our Community Guidelines.

Details: